Impact of regional Agricultural projects on Socioeconomic growth in East Africa: (Record no. 15418)
[ view plain ]
| 000 -LEADER | |
|---|---|
| fixed length control field | 00740nam a22001937a 4500 |
| 003 - CONTROL NUMBER IDENTIFIER | |
| control field | OSt |
| 005 - DATE AND TIME OF LATEST TRANSACTION | |
| control field | 20161017104918.0 |
| 008 - FIXED-LENGTH DATA ELEMENTS--GENERAL INFORMATION | |
| fixed length control field | 161005b xxu||||| |||| 00| 0 eng d |
| 040 ## - CATALOGING SOURCE | |
| Original cataloging agency | SEKU |
| 050 ## - LIBRARY OF CONGRESS CALL NUMBER | |
| Classification number | S 790.3 |
| Item number | .W |
| 100 ## - MAIN ENTRY--PERSONAL NAME | |
| Personal name | warinda, Enock |
| 245 ## - TITLE STATEMENT | |
| Title | Impact of regional Agricultural projects on Socioeconomic growth in East Africa |
| Remainder of title | A Thesis in fulfillment of the requirements for the Degree of Doctor of Philosphy in Agricutural Economics Department of Agricultural Economics and Agri-Business School of Agriculture and Veterinary Sciences South Eastern Kenya University |
| Statement of responsibility, etc. | Enock Warinda |
| 260 ## - PUBLICATION, DISTRIBUTION, ETC. (IMPRINT) | |
| Date of publication, distribution, etc. | 2016. |
| 300 ## - PHYSICAL DESCRIPTION | |
| Extent | 247 p. |
| 650 ## - SUBJECT ADDED ENTRY--TOPICAL TERM | |
| Topical term or geographic name as entry element | Agriculture |
| 650 ## - SUBJECT ADDED ENTRY--TOPICAL TERM | |
| Topical term or geographic name as entry element | Farming |
| 650 ## - SUBJECT ADDED ENTRY--TOPICAL TERM | |
| Topical term or geographic name as entry element | Industrial Arts |
| 942 ## - ADDED ENTRY ELEMENTS (KOHA) | |
| Source of classification or shelving scheme | Library of Congress Classification |
| Koha item type | Thesis |
| Withdrawn status | Lost status | Source of classification or shelving scheme | Damaged status | Not for loan | Home library | Current library | Shelving location | Date acquired | Source of acquisition | Total Checkouts | Full call number | Barcode | Date last seen | Price effective from | Koha item type |
|---|---|---|---|---|---|---|---|---|---|---|---|---|---|---|---|
| Library of Congress Classification | Kitui Town Campus Library | Kitui Town Campus Library | Shortloan | 05/10/2016 | SEKU | (The) S 790.3 .W9 | 2016/018924 | 05/10/2016 | 05/10/2016 | Thesis | |||||
| Library of Congress Classification | Main Campus Library | Main Campus Library | Shortloan | 05/10/2016 | SEKU | [The] S 790.3 .W9 | 2016/018904 | 05/10/2016 | 05/10/2016 | Thesis |